000 00493nam a2200157 i 4500
001 141642
003 ES-MaACL
007 t|
008 070926s1924 sp ||||1| spa d
100 1 _aVoronoff, Serge.
_9115742
245 1 0 _aMi metodo de rejuvenecimiento por el injerto /
_cSerge Voronoff ; traducción de Francisco Cañellas.
260 _aMadrid :
_bM. Aguilar,
_c[1924]
300 _a290 p., 38 lám. ;
_c23 cm.
700 1 _aCañellas, Francisco.
_934746
852 _aES-MaACL
_jE-860
999 _c141642
_d141642